<?xml version="1.0" encoding="UTF-8"?>
<record
    xmlns:xsi="http://www.w3.org/2001/XMLSchema-instance"
    xsi:schemaLocation="http://www.loc.gov/MARC21/slim http://www.loc.gov/standards/marcxml/schema/MARC21slim.xsd"
    xmlns="http://www.loc.gov/MARC21/slim">

  <leader>00903nam a2200241Ia 4500</leader>
  <controlfield tag="005">20231102150848.0</controlfield>
  <controlfield tag="008">120626s    2010m  a   e      000 0 s   d</controlfield>
  <datafield tag="020" ind1=" " ind2=" ">
    <subfield code="a">978-607-15-0300-8</subfield>
  </datafield>
  <datafield tag="050" ind1="1" ind2="4">
    <subfield code="a">BF501 R4418</subfield>
  </datafield>
  <datafield tag="100" ind1="1" ind2=" ">
    <subfield code="a">REEVE, Johnmarshall, autor</subfield>
  </datafield>
  <datafield tag="245" ind1="0" ind2="0">
    <subfield code="a">Moticaci&#xF3;n y emoci&#xF3;n</subfield>
    <subfield code="c"> / Johnmarshall Reeve;tr. Susana Margarita Olivares Bari; Gloria Estela Padilla Sierra</subfield>
  </datafield>
  <datafield tag="250" ind1=" " ind2=" ">
    <subfield code="a">2a. edici&#xF3;n.</subfield>
  </datafield>
  <datafield tag="260" ind1="3" ind2=" ">
    <subfield code="a">M&#xE9;xico</subfield>
    <subfield code="b">: Mc Graw Hill</subfield>
    <subfield code="c">, 2010</subfield>
  </datafield>
  <datafield tag="300" ind1=" " ind2=" ">
    <subfield code="a">xviii; 416 p&#xE1;ginas.</subfield>
    <subfield code="b">: ils.</subfield>
    <subfield code="c">; 27 cm.</subfield>
  </datafield>
  <datafield tag="500" ind1=" " ind2=" ">
    <subfield code="a">Incluye: contenido breve, referencias, &#xED;ndice onom&#xE1;stico e &#xED;ndice anal&#xED;tico.</subfield>
  </datafield>
  <datafield tag="500" ind1=" " ind2=" ">
    <subfield code="a">PLAN FLEXIBLE
09 003989
09 000886
09 000887</subfield>
  </datafield>
  <datafield tag="650" ind1="1" ind2="4">
    <subfield code="a">MOTIVACI&#xD3;N (PSICOLOG&#xCD;A)</subfield>
  </datafield>
  <datafield tag="650" ind1="2" ind2="4">
    <subfield code="a">EMOCIONES</subfield>
  </datafield>
  <datafield tag="650" ind1="3" ind2="4">
    <subfield code="a">PSICOLOG&#xCD;A COMPARADA</subfield>
  </datafield>
  <datafield tag="700" ind1="1" ind2=" ">
    <subfield code="a">ESTRADA SALAS, Jes&#xFA;s</subfield>
    <subfield code="e">revisi&#xF3;n t&#xE9;cnica.</subfield>
  </datafield>
  <datafield tag="700" ind1="2" ind2=" ">
    <subfield code="a">MERCADO CORONA, Dolores</subfield>
    <subfield code="e">revisi&#xF3;n t&#xE9;cnica</subfield>
  </datafield>
  <datafield tag="942" ind1=" " ind2=" ">
    <subfield code="c">LB</subfield>
  </datafield>
  <datafield tag="952" ind1=" " ind2=" ">
    <subfield code="0">0</subfield>
    <subfield code="1">0</subfield>
    <subfield code="2">lcc</subfield>
    <subfield code="4">0</subfield>
    <subfield code="7">0</subfield>
    <subfield code="a">09</subfield>
    <subfield code="b">09</subfield>
    <subfield code="d">2011-03-01</subfield>
    <subfield code="l">22</subfield>
    <subfield code="o">BF501 R4418</subfield>
    <subfield code="p">09 003989</subfield>
    <subfield code="r">2017-04-04</subfield>
    <subfield code="s">2017-04-04</subfield>
    <subfield code="t">1</subfield>
    <subfield code="w">2012-06-26</subfield>
    <subfield code="y">LB</subfield>
  </datafield>
  <datafield tag="952" ind1=" " ind2=" ">
    <subfield code="0">0</subfield>
    <subfield code="1">0</subfield>
    <subfield code="2">lcc</subfield>
    <subfield code="4">0</subfield>
    <subfield code="7">0</subfield>
    <subfield code="a">09</subfield>
    <subfield code="b">09</subfield>
    <subfield code="d">2015-09-14</subfield>
    <subfield code="l">6</subfield>
    <subfield code="o">BF501 R4418</subfield>
    <subfield code="p">09 000886</subfield>
    <subfield code="r">2019-02-06</subfield>
    <subfield code="s">2019-02-06</subfield>
    <subfield code="t">2</subfield>
    <subfield code="w">2015-09-14</subfield>
    <subfield code="y">LB</subfield>
  </datafield>
  <datafield tag="952" ind1=" " ind2=" ">
    <subfield code="0">0</subfield>
    <subfield code="1">0</subfield>
    <subfield code="2">lcc</subfield>
    <subfield code="4">0</subfield>
    <subfield code="7">0</subfield>
    <subfield code="a">09</subfield>
    <subfield code="b">09</subfield>
    <subfield code="d">2015-09-14</subfield>
    <subfield code="l">17</subfield>
    <subfield code="m">1</subfield>
    <subfield code="o">BF501 R4418</subfield>
    <subfield code="p">09 000887</subfield>
    <subfield code="r">2024-12-02</subfield>
    <subfield code="s">2024-11-27</subfield>
    <subfield code="t">3</subfield>
    <subfield code="w">2015-09-14</subfield>
    <subfield code="y">LB</subfield>
  </datafield>
  <datafield tag="999" ind1=" " ind2=" ">
    <subfield code="c">64777</subfield>
    <subfield code="d">64777</subfield>
  </datafield>
</record>
